000
00480nam a2200157Ia 4500
008
100122s9999 xx 000 0 und d
082
_b
34258
_a
823
100
_a
उदगांवकर प्रज्ञा
245
_a
चक्रव्युह
260
_b
प्रमोद प्रकाशन
_c
1989
300
_a
146
630
_a
चक्रव्युह
700
_a
सोफोक्लिस
730
_a
चक्रव्युह
942
_c
BOOK
999
_c
418093
_d
418090